• 首页
  • 本馆介绍
  • 公告通知
  • 最新文献
  • 馆藏检索
  • 电子资源
  • 读者导购
  • 参考咨询
  • 我的图书馆
  • 登录
  • 详细信息显示
  • 放入我的书架
  • 预约/预借图书
  • 作者相关作品
  • 分类相关作品
  • 丛书相关作品
  • 出版社相关作品

书目信息

  • 表格格式
  • 工作单格式
  • 卡片格式
题名:
美式幼儿园
    
 
作者: 萤雪教育 著
分册: Level10   自然拼读分级教材
出版信息: 长春   北方妇女儿童出版社  2018.09
页数: 1册
开本: 21cm
丛书名:
单 册:
中图分类: G613.2
科图分类:
主题词: 英语课--ying yu ke--学前教育--教材
电子资源:
ISBN: 978-7-5585-0961-2
000 01021nam0 2200229 450
001 0105143335
005 20201105165041.93
010    @a978-7-5585-0961-2@dCNY19.90
100    @a20181029d2018 em y0chiy0110 ea
101 0  @achi
102    @aCN@b220000
105    @ay z 000yy
106    @ar
200 1  @a美式幼儿园@Amei shi you er yuan@i自然拼读分级教材@hLevel10@f萤雪教育著
210    @a长春@c北方妇女儿童出版社@d2018.09
215    @a1册@d21cm
330    @a《美式幼儿园课本.自然拼读分级教材.Level1》的内容为三个学习单元加一个复习单元,课程设计由浅入深,层层递进,帮助孩子系统学习自然拼读法。本书收罗了自然拼读中的所有课程,从字母学习入手,经由短元音、长元音、元音连缀、辅音连缀等,将英语语音学习的知识一网打尽,通过各种丰富活动的展开,让孩子在玩乐中学习,享受英语学习的乐趣,从而在潜移默化中打下全面的英语语音学习的基础。
606 0  @a英语课@Aying yu ke@x学前教育@j教材
690    @aG613.2@v5
701  0 @a萤雪教育@Aying xue jiao yu@4著
801  0 @aCN@bBJSZM@c20201105
905    @b1263051-2@dG613.2@e1357:10@f2
    
    美式幼儿园.自然拼读分级教材.Level10/萤雪教育著.-长春:北方妇女儿童出版社,2018.09
    1册;21cm
    
    
    ISBN 978-7-5585-0961-2:CNY19.90
    《美式幼儿园课本.自然拼读分级教材.Level1》的内容为三个学习单元加一个复习单元,课程设计由浅入深,层层递进,帮助孩子系统学习自然拼读法。本书收罗了自然拼读中的所有课程,从字母学习入手,经由短元音、长元音、元音连缀、辅音连缀等,将英语语音学习的知识一网打尽,通过各种丰富活动的展开,让孩子在玩乐中学习,享受英语学习的乐趣,从而在潜移默化中打下全面的英语语音学习的基础。
●
相关链接 在E读中查询图书 在五车中查询图书 在当当中查询图书 在豆瓣中查询图书


正题名:美式幼儿园     索取号:G613.2/1357:10         预约/预借

序号 登录号 条形码 馆藏地/架位号 状态 备注
1 1263051   212630517   第一样本阅览室/ [索取号:G613.2/1357:10] 在馆    
2 1263052   212630526   第四借阅区/ [索取号:G613.2/1357:10] 在馆    
唐山师范学院图书馆 欢迎您!
大连网信软件有限公司© 版权所有